00486nam a2200145Ia 4500003000900000008004100009040001600050080001600066100002000082245014300102260003600245300001400281500002600295650001900321IN-BaIIA211028s9999 xx 000 0 eng d cIIA Library a535.33bHER aHerzberg Gerard 0aMolecular spectra and molecular structurebI, spectra of diatomic moleculescGerard Herzberg  aNew YorkbD. Van Nostrandc1950 axv, 658p. aDonated by Mrs. Bappu aNASA Thesaurus